[Event "World Rapid Women 2025"]
[Site "Doha QAT"]
[Date "2025.12.26"]
[Round "2.37"]
[White "Bodnaruk, Anastasia"]
[Black "Shubenkova, Veronika"]
[Result "1-0"]
[WhiteTitle "IM"]
[BlackTitle "WFM"]
[WhiteElo "2357"]
[BlackElo "2013"]
[WhiteFideId "4181751"]
[BlackFideId "44124040"]
[EventDate "2025.12.26"]

1. e4 e6 2. d4 d5 3. e5 c5 4. c3 Bd7 5. Nf3 Qb6 6. Be2 cxd4 7. Nxd4 Nc6 8. Nxc6
bxc6 9. O-O Ne7 10. Bd3 Ng6 11. Qe2 a5 12. g3 Bc8 13. c4 Ba6 14. Nc3 Bxc4 15.
Bxc4 dxc4 16. h4 Qd4 17. Rd1 Qxe5 18. Qxc4 Qc5 19. Qe4 Rc8 20. Qd3 Ne5 21. Qa6
Rb8 22. Be3 Qc4 23. Qa7 Qb4 24. f4 Rb7 25. Qa8+ Rb8 26. Qa7 Rb7 27. Qa6 Bc5 28.
Bxc5 Qxc5+ 29. Kh1 Rb8 30. fxe5 O-O 31. Qe2 Rb4 32. Rd2 a4 33. a3 Rc4 34. Rad1
h6 35. Rd8 f6 36. exf6 Rxd8 37. Rxd8+ Kf7 38. Rd7+ Kxf6 39. Ne4+ Rxe4 40. Qxe4 1-0

[Event "World Rapid Women 2025"]
[Site "Doha QAT"]
[Date "2025.12.26"]
[Round "2.38"]
[White "Khalilova, Madinabonu"]
[Black "Salimova, Nurgyul"]
[Result "0-1"]
[WhiteTitle "WCM"]
[BlackTitle "IM"]
[WhiteElo "2241"]
[BlackElo "2396"]
[WhiteFideId "14223422"]
[BlackFideId "2915138"]
[EventDate "2025.12.26"]

1. d4 d5 2. c4 e6 3. Nf3 Nf6 4. g3 Be7 5. Bg2 O-O 6. O-O a5 7. Qc2 Nc6 8. a3
dxc4 9. Qxc4 a4 10. Nc3 Bd7 11. Bf4 Nh5 12. d5 exd5 13. Nxd5 Nxf4 14. Nxe7+ Qxe7
15. gxf4 Rfe8 16. e3 Qf6 17. Rad1 Be6 18. Qb5 Bb3 19. Rd2 Rab8 20. Rc1 h6 21.
Nd4 Nxd4 22. Rxd4 c6 23. Qb6 Rbd8 24. Rxd8 Rxd8 25. Qxb7 Qxb2 26. Qxc6 Qxa3 27.
Qc7 Qxc1+ 28. Qxc1 Rd1+ 29. Qxd1 Bxd1 30. Be4 Bb3 31. Kf1 a3 32. Bb1 a2 33. Bxa2
Bxa2 34. e4 Bb1 35. f3 f5 36. e5 Kf7 0-1

[Event "World Rapid Women 2025"]
[Site "Doha QAT"]
[Date "2025.12.26"]
[Round "2.39"]
[White "Omonova, Umida"]
[Black "Rouda Essa, Alserkal"]
[Result "1-0"]
[WhiteTitle "WIM"]
[BlackTitle "WGM"]
[WhiteElo "2294"]
[BlackElo "2052"]
[WhiteFideId "14210363"]
[BlackFideId "9314318"]
[EventDate "2025.12.26"]

1. e4 e5 2. Nf3 Nc6 3. Bc4 Bc5 4. d3 Nf6 5. Nc3 d6 6. a3 a5 7. O-O Bg4 8. Be3
Nd4 9. Bxd4 Bxd4 10. h3 Bh5 11. g4 Bxc3 12. bxc3 Bg6 13. Rb1 Qc8 14. Nh4 h5 15.
Nf5 hxg4 16. hxg4 Bxf5 17. exf5 Nh5 18. gxh5 Qxf5 19. Bd5 Rxh5 20. Bg2 Qg5 21.
Qf3 Ke7 22. Qg3 Qh6 23. f4 Rh8 24. Rxb7 exf4 25. Qf3 Rg5 26. Rxc7+ Kd8 27. Ra7
Qh2+ 28. Kf2 Qh4+ 29. Ke2 Re8+ 30. Kd2 d5 31. Ra8+ Kd7 32. Bh3+ f5 33. Qxd5+ 1-0

[Event "World Rapid Women 2025"]
[Site "Doha QAT"]
[Date "2025.12.26"]
[Round "2.40"]
[White "Cori T., Deysi"]
[Black "Dwilewicz, Katarzyna"]
[Result "1-0"]
[WhiteTitle "IM"]
[BlackTitle "WFM"]
[WhiteElo "2349"]
[BlackElo "2185"]
[WhiteFideId "3801934"]
[BlackFideId "1148486"]
[EventDate "2025.12.26"]

1. Nf3 d5 2. g3 Nc6 3. d4 Bf5 4. Bg2 e6 5. O-O Nb4 6. Ne1 Nf6 7. c3 Nc6 8. Bg5
h6 9. Bxf6 Qxf6 10. Nd2 Qg6 11. f3 Qg5 12. e4 dxe4 13. f4 Qg6 14. Qe2 O-O-O 15.
Bxe4 Bxe4 16. Qxe4 Qxe4 17. Nxe4 Ne7 18. Nf3 Ng6 19. Ne5 Nxe5 20. fxe5 Rd7 21.
Rf3 Kd8 22. b4 Ke8 23. Raf1 b6 24. Kg2 a5 25. a3 a4 26. h4 Re7 27. h5 Rd7 28.
R1f2 Re7 29. Kf1 Rd7 30. Ke1 Rh7 31. Ke2 Rh8 32. g4 Rh7 33. Rf1 Rh8 34. Kd3 c5
35. Kc4 b5+ 36. Kxb5 cxd4 37. c4 d3 38. c5 Rd4 39. Rf4 Rd5 40. Nd6+ Bxd6 41.
exd6 d2 42. Rd1 f6 43. Rf2 Kd7 44. Rfxd2 Rb8+ 45. Kxa4 Rg5 46. Rc1 Kc6 47. d7
Rd5 48. b5+ Kxd7 49. Rcd1 Rxd2 50. Rxd2+ Kc7 51. Rd6 e5 52. b6+ 1-0

[Event "World Rapid Women 2025"]
[Site "Doha QAT"]
[Date "2025.12.26"]
[Round "2.41"]
[White "Girya, Olga"]
[Black "Khalil, Manar"]
[Result "1-0"]
[WhiteTitle "GM"]
[BlackTitle "WFM"]
[WhiteElo "2398"]
[BlackElo "1925"]
[WhiteFideId "4195752"]
[BlackFideId "7604661"]
[EventDate "2025.12.26"]

1. d4 d5 2. c4 dxc4 3. Nf3 Nf6 4. e3 e6 5. Bxc4 a6 6. O-O b5 7. Bd3 Bb7 8. a4 b4
9. Qe2 Nbd7 10. Rd1 c5 11. Nbd2 Be7 12. b3 O-O 13. Bb2 Nd5 14. Rac1 cxd4 15.
Nxd4 Nc5 16. Bb1 Rc8 17. Nc4 Bf6 18. Qg4 Qe7 19. e4 Nc3 20. Bxc3 bxc3 21. e5 Bg5
22. Rxc3 g6 23. Nd6 Rc7 24. b4 Bh6 25. Rxc5 Rxc5 26. bxc5 Bd5 27. N4f5 Qg5 28.
Nxh6+ Qxh6 29. Be4 Bb3 30. Rb1 Bxa4 31. f4 Qg7 32. Rb7 h5 33. Qg5 Kh7 34. Qxh5+ 1-0

[Event "World Rapid Women 2025"]
[Site "Doha QAT"]
[Date "2025.12.26"]
[Round "2.42"]
[White "Zherebtsova, Alexandra"]
[Black "Shukhman, Anna"]
[Result "0-1"]
[WhiteTitle "FM"]
[BlackTitle "WGM"]
[WhiteElo "2307"]
[BlackElo "2431"]
[WhiteFideId "24129518"]
[BlackFideId "54180058"]
[EventDate "2025.12.26"]

1. d4 Nf6 2. Bf4 d5 3. e3 Bf5 4. Nf3 e6 5. Be2 Ne4 6. Nbd2 g5 7. Nxe4 gxf4 8.
Nc5 fxe3 9. fxe3 Rg8 10. Bd3 b6 11. Nb3 Bxd3 12. Qxd3 Rxg2 13. O-O-O Nd7 14. e4
Nf6 15. exd5 Qxd5 16. Ne5 Bd6 17. Rhe1 Rxh2 18. Kb1 Bxe5 19. Rxe5 Qg2 20. Rf1
Rh1 21. Ree1 Rxf1 22. Rxf1 Nd7 23. Nc1 Qg6 24. Qf3 Rd8 25. Nd3 Ke7 26. Qc6 Qg3
27. d5 Qd6 28. Qc3 Qxd5 29. Qg7 Rf8 30. Qxh7 Qg2 31. Qh4+ f6 32. Re1 Qg5 33. Qe4
Ne5 34. Qb7 Rd8 35. Nxe5 Qxe5 36. Rg1 Qg3 37. Rh1 Rh8 38. Rd1 f5 39. Qxa7 Qd6
40. Rc1 Kf6 41. Qa4 Qd5 42. Qa3 c5 43. Qc3+ Qd4 44. Qf3 Rg8 45. Qh5 Rg1 46. Qh8+
Ke7 47. Qh7+ Kd8 48. Qb7 Rxc1+ 49. Kxc1 Qd6 50. Qf7 Qe7 51. Qg8+ Kc7 52. Qa8
Qg5+ 53. Kd1 Qg4+ 54. Kd2 Qb4+ 55. Kd3 Qd4+ 56. Ke2 Qe5+ 57. Kf3 Qxb2 58. Qa7+
Kc6 59. Qa8+ Kb5 60. Qe8+ Ka5 61. Qxe6 Qxc2 62. Qc8 b5 63. Qa8+ Kb4 64. Qa6 Qe4+
65. Kf2 Qd4+ 66. Kf3 Qd5+ 67. Kf2 c4 68. a3+ Kb3 69. Qa5 Qc5+ 70. Kf3 c3 0-1

[Event "World Rapid Women 2025"]
[Site "Doha QAT"]
[Date "2025.12.26"]
[Round "2.43"]
[White "Kulon, Klaudia"]
[Black "Druzhinina, Olga"]
[Result "1-0"]
[WhiteTitle "IM"]
[BlackTitle "WFM"]
[WhiteElo "2335"]
[BlackElo "2175"]
[WhiteFideId "1131044"]
[BlackFideId "4141911"]
[EventDate "2025.12.26"]

1. c4 Nf6 2. g3 g6 3. Bg2 d5 4. cxd5 Nxd5 5. Nc3 Nb6 6. d4 Bg7 7. Nf3 O-O 8. O-O
Nc6 9. d5 Na5 10. e4 c6 11. dxc6 Qxd1 12. Rxd1 Nxc6 13. h3 h6 14. Nd5 Nxd5 15.
exd5 Nb4 16. a3 Na6 17. Ra2 Bd7 18. b4 Ba4 19. Re1 Bb3 20. Rd2 Rfe8 21. Ne5 Rac8
22. Bb2 Nc7 23. Re3 Ba4 24. Nc4 Nb5 25. Bxg7 Kxg7 26. Nb2 Bc2 27. g4 Nd6 28. a4
Kf8 29. Bf1 g5 30. f3 Bb1 31. Re1 Bg6 32. a5 Rc3 33. Nd3 Nc4 34. Rdd1 Rd8 35.
Nc5 b6 36. Na4 Rc2 37. Rc1 bxa5 38. Bxc4 axb4 39. Bb3 Rd2 40. Rcd1 1-0

[Event "World Rapid Women 2025"]
[Site "Doha QAT"]
[Date "2025.12.26"]
[Round "2.44"]
[White "Chen, Yining"]
[Black "Roebers, Eline"]
[Result "1-0"]
[WhiteTitle "FM"]
[BlackTitle "IM"]
[WhiteElo "2278"]
[BlackElo "2396"]
[WhiteFideId "8620946"]
[BlackFideId "1058401"]
[EventDate "2025.12.26"]

1. d4 Nf6 2. c4 d6 3. Nf3 g6 4. Nc3 Bg7 5. e4 O-O 6. Be2 Nbd7 7. Be3 e5 8. O-O
Re8 9. Qc2 b6 10. Rad1 Bb7 11. d5 a5 12. a3 a4 13. Nd2 Nc5 14. Bxc5 bxc5 15.
Nxa4 h5 16. b4 Bh6 17. Bd3 Qd7 18. Nc3 Rxa3 19. bxc5 dxc5 20. Nb5 Raa8 21. Nb3
Qe7 22. Ra1 h4 23. Na5 Ba6 24. Ra2 Nh5 25. Rfa1 Bxb5 26. cxb5 Nf4 27. Bf1 Qg5
28. Kh1 Bf8 29. Nb7 Rab8 30. Ra7 Qg4 31. h3 Qg5 32. Qd1 f5 33. b6 cxb6 34. d6
fxe4 35. d7 Red8 36. Nxd8 Rxd8 37. Ra8 Be7 38. Rxd8+ Bxd8 39. Ra8 Qe7 40. Qb3+
Kg7 41. Qb5 Qf6 42. Rxd8 Qxd8 43. Qc6 Kf7 44. Bc4+ Ke7 45. Bb5 Ne6 46. Qxe4 Qf8
47. Qxh4+ Kd6 48. Kg1 Qd8 49. Qg3 Qf6 50. Qd3+ Nd4 51. Qxg6 Qxg6 52. d8=Q+ Ke6
53. Qxb6+ Kf7 54. Be8+ 1-0

[Event "World Rapid Women 2025"]
[Site "Doha QAT"]
[Date "2025.12.26"]
[Round "2.45"]
[White "Bulmaga, Irina"]
[Black "Tarasenka, Aliaksandra"]
[Result "0-1"]
[WhiteTitle "IM"]
[BlackTitle "WIM"]
[WhiteElo "2389"]
[BlackElo "2266"]
[WhiteFideId "13903063"]
[BlackFideId "13514288"]
[EventDate "2025.12.26"]

1. e4 c5 2. c3 d5 3. exd5 Qxd5 4. d4 Bf5 5. Be3 Nc6 6. Nf3 cxd4 7. Nxd4 Nf6 8.
Nxf5 Qxf5 9. Bd3 Qd5 10. O-O O-O-O 11. Be2 Qxd1 12. Rxd1 Rxd1+ 13. Bxd1 Nd5 14.
Bd2 e6 15. c4 Nf6 16. Be3 Bd6 17. Nc3 Be5 18. Rc1 Rd8 19. Ba4 Ng4 20. Bxc6 bxc6
21. Bxa7 Bxc3 22. bxc3 Rd2 23. a3 Ne5 24. Bd4 Nxc4 25. Bxg7 Nxa3 26. h4 Nc4 27.
Ra1 Kb7 28. Ra4 Nd6 29. Rb4+ Kc8 30. g4 c5 31. Rf4 Kd7 32. Be5 Ke7 33. Bf6+ Kd7
34. Ra4 Kc6 35. Kg2 Kd5 36. Kf3 e5 37. Ke3 Rc2 38. Kd3 Rxf2 39. g5 Rf3+ 40. Ke2
Rxc3 41. h5 Rh3 42. h6 Ne4 43. Bd8 Nc3+ 0-1

[Event "World Rapid Women 2025"]
[Site "Doha QAT"]
[Date "2025.12.26"]
[Round "2.46"]
[White "Rodriguez Redondo, Adhara"]
[Black "Toncheva, Nadya"]
[Result "0-1"]
[WhiteTitle "WFM"]
[BlackTitle "FM"]
[WhiteElo "2207"]
[BlackElo "2362"]
[WhiteFideId "32065698"]
[BlackFideId "2924056"]
[EventDate "2025.12.26"]

1. e4 c5 2. Nf3 e6 3. d4 cxd4 4. Nxd4 a6 5. c4 Nf6 6. Nc3 Bb4 7. Qd3 Qc7 8. Be2
O-O 9. O-O d6 10. f3 Nbd7 11. a3 Ne5 12. Qd2 Bc5 13. Kh1 Bd7 14. b3 Rac8 15. Bb2
Ng6 16. Nc2 Rfd8 17. Rad1 Bc6 18. b4 Ba7 19. b5 Be8 20. Nb4 a5 21. Nba2 Ne5 22.
Na4 Nxc4 23. Bxc4 Qxc4 24. Qxa5 Ra8 25. N2c3 Bc5 26. Qc7 Rd7 27. Nb6 Qxf1+ 28.
Rxf1 Rxc7 29. Nc4 Bd4 0-1

[Event "World Rapid Women 2025"]
[Site "Doha QAT"]
[Date "2025.12.26"]
[Round "2.47"]
[White "Arabidze, Meri"]
[Black "Vo, Thi Kim Phung"]
[Result "1-0"]
[WhiteTitle "IM"]
[BlackTitle "WGM"]
[WhiteElo "2413"]
[BlackElo "2322"]
[WhiteFideId "13604040"]
[BlackFideId "12401838"]
[EventDate "2025.12.26"]

1. c4 e6 2. d4 Nf6 3. Nf3 d5 4. Nc3 c6 5. cxd5 exd5 6. Bf4 Bd6 7. Bxd6 Qxd6 8.
e3 Bf5 9. Nh4 Bg6 10. Nxg6 hxg6 11. g3 Nbd7 12. Bg2 O-O 13. O-O Rfe8 14. Qc2 Re7
15. b4 Rc8 16. a4 a6 17. Rab1 Nb6 18. Qd3 Qe6 19. b5 axb5 20. axb5 c5 21. dxc5
Rxc5 22. Ne2 Rec7 23. Rfc1 Rc4 24. Rxc4 Rxc4 25. h3 g5 26. Nd4 Qe5 27. Nf3 Qe4
28. Qd1 Qf5 29. g4 Qc8 30. Nxg5 g6 31. Bf1 Ra4 32. Rc1 Qd8 33. Nf3 Ne4 34. Nd4
Qd6 35. Rc2 Qf6 36. Qf3 Qxf3 37. Nxf3 Ra1 38. Kg2 Nd6 39. Nd4 Ndc4 40. Nb3 Rb1
41. Nc5 Rxb5 42. Nxb7 Rb2 43. Rxb2 Nxb2 44. Nd6 Kf8 45. h4 N2c4 46. Bxc4 dxc4
47. Kf3 Ke7 48. Nb5 Ke6 49. Ke4 f5+ 50. gxf5+ gxf5+ 51. Kd4 Nd7 52. f4 Kf6 53.
Nd6 Kg6 54. Kxc4 Nf6 55. Kd4 Ng4 56. h5+ Kf6 57. Nc4 Ke6 58. Ne5 Nf6 59. h6 Nh7
60. Nf3 Kf6 61. Ng5 Nf8 62. h7 Ng6 63. Kd5 Ke7 64. Nf3 Kf6 65. Kd6 Nh8 66. Ne5
Kg7 67. Ke6 Kxh7 68. Kxf5 Kg7 69. Ke6 Kf8 70. f5 Kg7 71. e4 Kg8 72. Ke7 Kh7 73.
f6 Kh6 74. Nf7+ 1-0

[Event "World Rapid Women 2025"]
[Site "Doha QAT"]
[Date "2025.12.26"]
[Round "2.48"]
[White "Mkrtchian, Lilit"]
[Black "Gaboyan, Susanna"]
[Result "1/2-1/2"]
[WhiteTitle "IM"]
[BlackTitle "WIM"]
[WhiteElo "2366"]
[BlackElo "2182"]
[WhiteFideId "13300601"]
[BlackFideId "13303627"]
[EventDate "2025.12.26"]

1. Nf3 Nf6 2. c4 g6 3. b3 Bg7 4. Bb2 O-O 5. g3 d6 6. Bg2 e5 7. d3 a5 8. Nc3 Nc6
9. O-O Bf5 10. e4 Bg4 11. h3 Bxf3 12. Bxf3 Nd4 13. Bg2 Nd7 14. Ne2 c5 15. Nc3
Rb8 16. a4 Qb6 17. Nb5 Rbd8 18. Rb1 Nb8 19. Nxd4 cxd4 20. Ba3 Na6 21. Qd2 1/2-1/2

[Event "World Rapid Women 2025"]
[Site "Doha QAT"]
[Date "2025.12.26"]
[Round "2.49"]
[White "Zhu, Chen"]
[Black "Jarocka, Liwia"]
[Result "0-1"]
[WhiteTitle "GM"]
[BlackTitle "FM"]
[WhiteElo "2423"]
[BlackElo "2258"]
[WhiteFideId "8600546"]
[BlackFideId "21807558"]
[EventDate "2025.12.26"]

1. d4 Nf6 2. c4 e6 3. Nf3 d5 4. Nc3 Be7 5. cxd5 exd5 6. Bg5 c6 7. Qc2 h6 8. Bh4
O-O 9. e3 Re8 10. Bd3 Nbd7 11. Bg3 Nh5 12. Be5 Nhf6 13. h3 Nxe5 14. Nxe5 c5 15.
O-O Be6 16. Bb5 Rf8 17. dxc5 Bxc5 18. Rfd1 Rc8 19. Nd3 Bd6 20. Qe2 Qa5 21. Nf4
a6 22. Bd3 Be5 23. a4 Bxc3 24. bxc3 Rxc3 25. Qd2 Rc5 26. Qxa5 Rxa5 27. Rdb1 Rb8
28. Ne2 Bd7 29. Rb4 b5 30. Rab1 Ne4 31. Bxe4 dxe4 32. Nd4 Rb6 33. h4 Kh7 34.
R1b2 g6 35. axb5 axb5 36. Nb3 Ra4 37. Nc5 Rxb4 38. Rxb4 Bc6 39. Kf1 f5 40. Ne6
Bd5 41. Nd4 Bc4+ 42. Ke1 Kg7 43. h5 Kf6 44. hxg6 Kxg6 45. Kd2 Kf6 46. Kc3 Bf1
47. g3 Ra6 48. Rb2 Ra1 49. Kb4 Rc1 50. Nxb5 Bxb5 51. Kxb5 Kg5 52. Rd2 Kg4 53.
Rd6 Kf3 54. Rf6 Kxf2 55. Rxf5+ Kxe3 56. Rh5 Kf2 57. Rxh6 Kxg3 58. Re6 Kf3 59.
Rf6+ Ke2 60. Kb4 e3 61. Kb3 Ke1 62. Kb2 Rc8 63. Rf7 e2 64. Kb1 Rc4 65. Kb2 Kd2 0-1

[Event "World Rapid Women 2025"]
[Site "Doha QAT"]
[Date "2025.12.26"]
[Round "2.50"]
[White "Mammadova, Gulnar"]
[Black "Liu, Shilan"]
[Result "1-0"]
[WhiteTitle "IM"]
[BlackTitle "WGM"]
[WhiteElo "2330"]
[BlackElo "2109"]
[WhiteFideId "13403508"]
[BlackFideId "8600279"]
[EventDate "2025.12.26"]

1. e4 c5 2. Nf3 Nc6 3. Bb5 Nf6 4. Nc3 d6 5. e5 dxe5 6. Bxc6+ bxc6 7. Nxe5 Qc7 8.
Qe2 e6 9. d3 Bd6 10. Nc4 Be7 11. b3 O-O 12. O-O Ba6 13. Ba3 Bb5 14. Bb2 Rad8 15.
a4 Ba6 16. h3 Rfe8 17. Nd2 Nd5 18. Nce4 Bf8 19. Nc4 Bxc4 20. dxc4 Nb4 21. Nf6+
Kh8 22. Nxe8 Rxe8 23. Be5 Qc8 24. Rad1 f6 25. Bd6 e5 26. Bxf8 Rxf8 27. Rd6 Qc7
28. Rd2 f5 29. Rfd1 e4 30. Qe3 Qe7 31. Rd7 Qe5 32. Rd8 Qe7 33. Rxf8+ Qxf8 34.
Qxc5 1-0

[Event "World Rapid Women 2025"]
[Site "Doha QAT"]
[Date "2025.12.26"]
[Round "2.51"]
[White "Shvedova, Alexandra"]
[Black "Yakubbaeva, Nilufar"]
[Result "1/2-1/2"]
[WhiteTitle "WIM"]
[BlackTitle "WGM"]
[WhiteElo "2255"]
[BlackElo "2229"]
[WhiteFideId "54154782"]
[BlackFideId "14204487"]
[EventDate "2025.12.26"]

1. e4 c5 2. Ne2 e6 3. d4 cxd4 4. Nxd4 Nf6 5. Nc3 Nc6 6. a3 d5 7. Bb5 Bd7 8. exd5
exd5 9. O-O Be7 10. Nb3 a6 11. Be2 Be6 12. Be3 O-O 13. Na4 b5 14. Nac5 Bf5 15.
Nd4 Nxd4 16. Bxd4 Re8 17. Bf3 Ne4 18. Nd3 Ng5 19. Bg4 Qc8 20. Bxf5 Qxf5 21. Be5
Rac8 22. Re1 Ne4 23. f3 Nc5 24. Nf2 Ne6 25. c3 Bc5 26. Qd2 Red8 27. Bd4 Bxd4 28.
cxd4 Rc2 29. Qe3 Rxb2 30. Rac1 Rc2 31. Nd3 Rdc8 32. Rxc2 Rxc2 33. Nb4 Rc4 34.
Nxa6 h6 35. Nb4 Nxd4 36. Rd1 Nc2 37. Qe8+ Kh7 38. Rxd5 Qf4 39. Nxc2 Rxc2 40.
Qe4+ Qxe4 41. fxe4 Ra2 42. Rxb5 Rxa3 43. Kf2 Rc3 44. Rb6 Ra3 45. h3 Rc3 46. Rb7
Kg6 47. Rb6+ Kh7 48. Rb7 1/2-1/2

[Event "World Rapid Women 2025"]
[Site "Doha QAT"]
[Date "2025.12.26"]
[Round "2.52"]
[White "Berikkyzy Alanna"]
[Black "Dimitrijevic, Aleksandra"]
[Result "0-1"]
[WhiteTitle "WFM"]
[BlackTitle "WGM"]
[WhiteElo "2241"]
[BlackElo "2063"]
[WhiteFideId "13780719"]
[BlackFideId "929239"]
[EventDate "2025.12.26"]

1. e4 c5 2. Nf3 e6 3. d4 cxd4 4. Nxd4 Nc6 5. Nc3 Nf6 6. Ndb5 d6 7. Bf4 e5 8. Bg5
a6 9. Na3 Be7 10. Nc4 b5 11. Bxf6 gxf6 12. Ne3 Be6 13. Be2 Nd4 14. Bd3 h5 15.
Ncd5 h4 16. c3 Nc6 17. h3 b4 18. O-O bxc3 19. bxc3 Rg8 20. Kh2 Rg5 21. Be2 Qa5
22. Rb1 Bd8 23. Nc4 Qc5 24. Rb7 f5 25. Nxd6+ Kf8 26. Nxf5 Rxf5 27. exf5 Bxd5 28.
Rd7 Bxa2 29. Bf3 e4 30. Bh5 Qe5+ 31. g3 Bc7 32. Rg1 Rd8 33. Rxd8+ Nxd8 34. Qd2
e3 35. Qxa2 Qxf5 36. Bg4 Qc5 37. fxe3 Qxe3 38. Qe2 Qxc3 39. Re1 Bxg3+ 40. Kg2
Qxe1 41. Qf3 Qd2+ 42. Kf1 a5 43. Qa3+ Kg8 44. Qc5 a4 45. Be2 Qe1+ 46. Kg2 Qxe2+
47. Kg1 Ne6 48. Qa7 a3 0-1

[Event "World Rapid Women 2025"]
[Site "Doha QAT"]
[Date "2025.12.26"]
[Round "2.53"]
[White "Rakshitta, Ravi"]
[Black "Kairbekova, Amina"]
[Result "1-0"]
[WhiteTitle "WGM"]
[BlackTitle "WGM"]
[WhiteElo "2381"]
[BlackElo "2353"]
[WhiteFideId "25073230"]
[BlackFideId "13712799"]
[EventDate "2025.12.26"]

1. e4 c5 2. Nf3 e6 3. Nc3 Nc6 4. h3 Nge7 5. d4 cxd4 6. Nxd4 Nxd4 7. Qxd4 Nc6 8.
Qe3 Bb4 9. a3 Ba5 10. Qg3 O-O 11. Bd3 d5 12. O-O Bc7 13. f4 f5 14. exd5 exd5 15.
b3 Be6 16. Re1 Rf6 17. Na4 Qd6 18. Bb2 d4 19. Rxe6 Rxe6 20. Bc4 b5 21. Bxe6+
Qxe6 22. Nc5 Qd5 23. b4 Re8 24. Re1 Rxe1+ 25. Qxe1 Kf7 26. Qh4 Kg8 27. Nd3 Qe4
28. Qf2 a5 29. Bc1 a4 30. Nc5 Qe7 31. Qf1 Na7 32. Bd2 Bd6 33. Qf3 Bxc5 34. Qd5+
Qf7 35. Qxc5 Qd7 36. Be1 Nc8 37. Bf2 Nd6 38. Qd5+ Kh8 39. Bxd4 Qe7 40. Bc5 Qe1+
41. Kh2 Ne8 42. Qxf5 h6 43. Bd4 Qe2 44. Qg6 Kg8 45. Be5 Kf8 46. Qf5+ Ke7 47. Qc8
h5 48. Qc5+ Kf7 49. Qd5+ Ke7 50. Qd3 Qxd3 51. cxd3 h4 52. g4 hxg3+ 53. Kxg3 Ke6
54. Kf3 Kd5 55. Ke3 g6 56. h4 Ke6 57. Ke4 Nf6+ 58. Bxf6 Kxf6 59. d4 Ke6 60. d5+
Kd6 61. Kd4 Kc7 62. Kc5 Kd7 63. Kxb5 1-0

[Event "World Rapid Women 2025"]
[Site "Doha QAT"]
[Date "2025.12.26"]
[Round "2.54"]
[White "Gaal, Zsoka"]
[Black "Wafa, Shahenda"]
[Result "1-0"]
[WhiteTitle "IM"]
[BlackTitle "WGM"]
[WhiteElo "2374"]
[BlackElo "2074"]
[WhiteFideId "777765"]
[BlackFideId "10609962"]
[EventDate "2025.12.26"]

1. d4 Nf6 2. c4 g6 3. Nc3 Bg7 4. e4 d6 5. Be2 Nbd7 6. Be3 e5 7. Nf3 exd4 8. Nxd4
O-O 9. O-O Nc5 10. Qc2 Re8 11. f3 Nh5 12. Rad1 Ne6 13. Nxe6 fxe6 14. f4 Qh4 15.
c5 dxc5 16. e5 b6 17. Bf3 Rb8 18. g3 Qh3 19. Bg2 Qf5 20. Qa4 b5 21. Qxa7 Rb6 22.
Qxc7 Ra6 23. Rd8 Rxd8 24. Qxd8+ Qf8 25. Rd1 b4 26. Bxc5 1-0

[Event "World Rapid Women 2025"]
[Site "Doha QAT"]
[Date "2025.12.26"]
[Round "2.55"]
[White "Luong Phuong Hanh"]
[Black "Nurgaliyeva, Zarina"]
[Result "1/2-1/2"]
[WhiteTitle "WIM"]
[BlackTitle "WIM"]
[WhiteElo "2236"]
[BlackElo "2305"]
[WhiteFideId "12401013"]
[BlackFideId "13730096"]
[EventDate "2025.12.26"]

1. d4 Nf6 2. Nf3 e6 3. g3 d5 4. Bg2 Bd6 5. c4 Nc6 6. O-O O-O 7. Nc3 dxc4 8. e4
e5 9. d5 Na5 10. Qa4 b6 11. Bd2 Bd7 12. Qc2 c6 13. dxc6 Bxc6 14. Rfd1 Qc7 15.
Nd5 Bxd5 16. exd5 Nb7 17. Bg5 Nd7 18. Be3 h6 19. Nh4 b5 20. Nf5 Nf6 21. Qe2 Rfe8
22. Qf3 Qd8 23. a4 b4 24. a5 Nc5 25. Rac1 Nd3 26. Rxc4 e4 27. Qe2 Be5 28. Rxd3
exd3 29. Qxd3 Qxa5 30. Qd2 Qa1+ 31. Bf1 Rad8 32. Bxh6 Rxd5 33. Qg5 g6 34. Ne3
Rd4 35. Rc6 Qxb2 36. Rxf6 Bxf6 37. Qxf6 Rd2 38. Qc6 Rdd8 39. Nd5 Re6 40. Qc4 Qe5
41. Nxb4 Rd4 42. Qc3 Rd1 43. Qc8+ Re8 44. Qc2 Qe2 45. Qxe2 Rxe2 46. Kg2 Rb2 47.
Nc6 Rbb1 48. Be2 Rd7 49. Be3 Ra1 50. Bd4 Ra2 51. Bf3 a5 52. Bc5 a4 53. Nb4 Rb2
54. Nd5 Rxd5 55. Bxd5 Rb5 56. Bc6 Rxc5 57. Bxa4 Kg7 58. Bd1 Kf6 59. Bf3 Ke5 60.
Be2 Rc2 61. Kf3 f5 62. h4 Rc3+ 63. Kg2 Ke4 64. Bb5 Rb3 65. Be8 Rb6 66. h5 gxh5
67. Bxh5 Ra6 68. Bf7 Rb6 69. Be8 Rb4 70. Bg6 Ke5 71. Bh5 Rb6 72. Be8 Ke4 73. Bh5
f4 74. gxf4 Kxf4 75. Be2 Rb2 76. Bf3 Rb8 77. Be2 Ke4 78. Bf3+ Kd3 79. Bh5 Rb5
80. Bg4 Kd2 81. Kg3 Rb3+ 82. Kh4 Ke1 83. f4 Kf2 84. f5 Ke3 85. f6 Kf4 86. f7 Rb8
87. Kh5 Rh8+ 88. Kg6 Kxg4 1/2-1/2

[Event "World Rapid Women 2025"]
[Site "Doha QAT"]
[Date "2025.12.26"]
[Round "2.56"]
[White "Rudzinska, Michalina"]
[Black "Olde, Margareth"]
[Result "1-0"]
[WhiteTitle "WGM"]
[BlackTitle "WIM"]
[WhiteElo "2206"]
[BlackElo "2214"]
[WhiteFideId "1172883"]
[BlackFideId "4503082"]
[EventDate "2025.12.26"]

1. e4 d6 2. d4 Nf6 3. Nc3 e5 4. Nge2 Be7 5. g3 O-O 6. Bg2 c6 7. a4 b6 8. O-O Bb7
9. h3 Nbd7 10. g4 d5 11. dxe5 Nxe4 12. Nxe4 dxe4 13. Bf4 Nc5 14. Nc3 f5 15. gxf5
Rxf5 16. Bg3 Qe8 17. Nxe4 Nxe4 18. Bxe4 Rg5 19. Kh2 Bc5 20. f4 Rh5 21. Bg2 Rd8
22. Qf3 Rd2 23. Rad1 Rxc2 24. Qb3+ 1-0

[Event "World Rapid Women 2025"]
[Site "Doha QAT"]
[Date "2025.12.26"]
[Round "2.57"]
[White "Krasteva, Beloslava"]
[Black "Kirtadze, Anastasia"]
[Result "0-1"]
[WhiteTitle "FM"]
[BlackTitle "WIM"]
[WhiteElo "2339"]
[BlackElo "2281"]
[WhiteFideId "2922029"]
[BlackFideId "13622714"]
[EventDate "2025.12.26"]

1. d4 Nf6 2. c4 e6 3. Nc3 Bb4 4. f3 c5 5. d5 b5 6. e4 bxc4 7. Bxc4 exd5 8. Bxd5
Nxd5 9. Qxd5 Nc6 10. Ne2 Ba6 11. Be3 Rb8 12. Kf2 Bxc3 13. bxc3 Rb2 14. Rae1 Qa5
15. Bc1 Rxa2 16. c4 O-O 17. Kg3 Nb4 18. Qd6 Bxc4 19. Nf4 Nc2 20. Rd1 Nd4 21. Be3
Ne2+ 22. Nxe2 Bxe2 23. Bxc5 Rc8 24. Rc1 Qd8 25. h4 Rc6 26. Qe7 Rg6+ 27. Kh3 Qxe7
28. Bxe7 h5 29. Ra1 Rga6 30. Rxa2 Rxa2 31. Rc1 a5 32. Kg3 f6 33. Kf4 Kf7 34. Bc5
Bb5 35. g3 a4 36. Rc3 Bc6 37. e5 fxe5+ 38. Kxe5 Re2+ 39. Kf4 Kg6 40. Rd3 d5 41.
Re3 Bb5 42. Rxe2 Bxe2 43. Ke3 Bd1 44. Bf8 Kf6 45. Bc5 g6 46. Bd4+ Ke6 47. Bb2
Kd6 48. Ba3+ Ke5 49. Bb2+ Ke6 50. Ba3 Kd7 51. Bf8 Kc6 52. f4 Kd7 53. Ba3 Ke6 54.
Bf8 Kf5 55. Bc5 Bc2 56. Bd6 Kg4 57. Kf2 d4 58. Bc5 d3 59. Bb4 a3 60. Ke3 Kxg3
61. Bxa3 Kxh4 62. Bb4 Kg3 63. Be1+ Kh3 64. Kf3 h4 65. Bb4 Bd1+ 66. Kf2 Kg4 67.
Bd2 h3 68. Bc1 Bf3 69. Kg1 Kg3 0-1